Improving Road Safety in Developing Countries Opportunities for U. S. Cooperation and Engagement / (Record no. 2260)

000 -LEADER
fixed length control field 00381 a2200109 4500
020 ## - INTERNATIONAL STANDARD BOOK NUMBER
International Standard Book Number 0309094232
082 ## - DEWEY DECIMAL CLASSIFICATION NUMBER
Classification number 363.125 MOR
100 ## - MAIN ENTRY--PERSONAL NAME
Personal name Morris, Joseph R.
245 ## - TITLE STATEMENT
Title Improving Road Safety in Developing Countries Opportunities for U. S. Cooperation and Engagement /
Statement of responsibility, etc. Joseph R. Morris
260 ## - PUBLICATION, DISTRIBUTION, ETC.
Place of publication, distribution, etc. Washington :
Name of publisher, distributor, etc. Transportation Research Board,
Date of publication, distribution, etc. 2006
300 ## - PHYSICAL DESCRIPTION
Extent 52p. :
Other physical details ill. ;
Dimensions 30 cm
650 ## - SUBJECT ADDED ENTRY--TOPICAL TERM
Topical term or geographic name entry element Road safety
Holdings
Withdrawn status Lost status Damaged status Not for loan Permanent Location Current Location Shelving location Date acquired Total Checkouts Full call number Barcode Date last seen Price effective from Koha item type
        School of Civil and Environmental Engineering (SCEE) School of Civil and Environmental Engineering (SCEE)       363.125 MOR NIT-6923 01/05/2017 01/05/2017 Book
© 2023 Central Library, National University of Sciences and Technology. All Rights Reserved.